A-Z: Answers containing "Ace" - Statistics

General Stats
  • This quiz has been taken 18 times
    3 since last reset
  • The average score is 9 of 26
Answer Stats
Initial Clue Answer % Correct
B Jewellery item worn around the wrist Bracelet
100%
D Straight-line fast driving competition involving modified/supercharged cars Dragster race
67%
F The front of the head Face
67%
G Elegant; beautiful in form, manner, movement or speech Graceful
67%
N Jewellery item worn beneath the chin Necklace
67%
O Move faster than Outpace
67%
R Stop using and get a new, working item instead Replace
67%
S Emptiness between the planets Space
67%
W The location where one's business or occupation takes place Workplace
67%
C Satisfied with the status quo, blasé, not motivated to improve Complacent
33%
H Modern word meaning a state of mind Headspace
33%
I A panel which allows one device to connect to another or be controlled by a person; a point where two systems meet and connect Interface
33%
E Flowering plant which some claim works as a remedy for the cold Echinacea
33%
L Type of fragile-looking insect Lacewing
33%
M Northern region of Greece Macedonia
33%
U Leaving no trail; unable to be found by following clues or evidence Untraceable
33%
Y 2023 romance film whose title asks: which of our houses will we go to? Your Place or Mine
33%
A Beside, next to Adjacent
0%
J Name of a family of trees including walnut and hickory, comprised of: a container for pouring drinks; ground; and Latin aces Juglandaceae
0%
K Skyscraper complex in Hong Kong; the name contains words for a monarch and a crossing point at a river Kingsford Terrace
0%
P A solution for all difficulties Panacea
0%
Q Platform of a staircase where the stair turns at a right angle only Quarterpace
0%
T Historical region covering parts of Bulgaria, Turkey and northern Greece Thrace
0%
V Village in Belize, whose name suggests low-lying terrain, which was created as a community for refugees fleeing from the Salvadoran Civil War Valley of Peace
0%
X Ice ax ready to chop down a bunch of herbs and get rid of them Xyridaceae
0%
Z A family of ferns whose name includes: a prefix used in the word for a fertilised egg; the Greek for "wing", famously used for a flying dinosaur; and a Latin suffix Zygopteraceae
0%
No matching quizzes found
Score Distribution
Percent of People with Each Score
Percentile by Number Answered
Your Score History
You have not taken this quiz since the last reset